[Event "DRUZYNOWE MISTRZOSTWA POLSKI JUNIOROW - II LIGA"]
[Site "Szczyrk, CKiR Orle Gniazdo ul. Wrzosowa 28a"]
[Date "2014-07-26"]
[Round "2.132"]
[White "Filipska, Maja"]
[Black "Kulpa, Zuzanna"]
[Result "0-1"]
[WhiteTitle "I"]
[BlackTitle "I"]
[WhiteElo "1173"]
[BlackElo "1435"]

1. e4 c6 2. d4 d5 3. exd5 cxd5 4. Bd3 Nc6 5. c3 Nf6 6. Nf3 Bg4 7. Bg5 e6 8. O-O
Be7 9. Nbd2 O-O 10. Qc2 h6 11. Bh4 Rc8 12. Qb1 Bxf3 13. Nxf3 Nd7 14. Bxe7 Qxe7
15. Bb5 Nb6 16. Qd3 a6 17. Bxc6 Rxc6 18. Rac1 Rfc8 19. Rc2 Nc4 20. Ne5 Nxe5 21.
dxe5 Qc7 22. Re1 b5 23. a3 Rd8 24. Ree2 Rc8 25. h3 Rc4 26. Re3 d4 27. Re4 dxc3
28. Rxc4 Qxc4 29. Qxc4 Rxc4 30. Rxc3 Re4 31. Re3 Rxe3 32. fxe3 Kh7 33. Kf2 Kg6
34. Kf3 Kf5 35. e4+ Kxe5 36. Ke3 f5 37. exf5 exf5 38. g3 g5 39. b3 f4+ 40. gxf4+
gxf4+ 41. Kf3 Kd4 42. Kxf4 Kc3 43. Kf5 Kxb3 44. Kg6 Kxa3 45. Kxh6 b4 46. Kg6 b3
47. h4 b2 48. h5 b1=Q+ 49. Kg5 Qh7 50. h6 Kb4 51. Kh5 Kc4 52. Kg5 Kd5 53. Kh5
Ke5 54. Kg5 a5 55. Kh5 Kf5 56. Kh4 Qxh6+ 57. Kg3 Qf4+ 58. Kg2 Kg4 59. Kh1 Qd2
60. Kg1 Kf3 61. Kh1 Qg2# 0-1

[Event "DRUZYNOWE MISTRZOSTWA POLSKI JUNIOROW - II LIGA"]
[Site "Szczyrk, CKiR Orle Gniazdo ul. Wrzosowa 28a"]
[Date "2014-07-26"]
[Round "2.133"]
[White "Madalinski, Jan"]
[Black "Tamon, Radoslaw"]
[Result "0-1"]
[WhiteTitle "II"]
[BlackTitle "I"]
[WhiteElo "1474"]
[BlackElo "1721"]

1. d4 Nf6 2. c4 c5 3. d5 b5 4. cxb5 a6 5. f3 d6 6. e4 Nbd7 7. Nc3 g6 8. b3 Bg7
9. Bb2 O-O 10. bxa6 Qa5 11. Qd2 Bxa6 12. Bxa6 Qxa6 13. a4 Rfc8 14. Nge2 Ne8 15.
O-O Nc7 16. Rab1 Qb6 17. Nb5 Nxb5 18. Bxg7 Kxg7 19. axb5 Qxb5 20. Qc3+ Kg8 21.
Ng3 Ra3 22. Qc2 Rca8 23. Rb2 Ne5 24. Rd1 Rb8 25. f4 Nc4 0-1